000 00479nam a2200145Ia 4500
008 090122s9999 xx 000 0 und d
082 _b5824
_a808.899282
100 _aमयुरे
_bसुरेश
245 _aचीन मधे लागलेले शोध
600 _aमयुरे
630 _aचीन मधे लागलेले शोध
700 _aमयुरे
730 _aचीन मधे लागलेले शोध
942 _cBOOK
999 _c29902
_d29902